Phases finales de Nationale 2023-2024. - Statistiques

Statistiques générales
  • Ce quiz a été pris 23 fois
  • Le résultat moyen est 4 sur 6
Statistiques - réponses
Équipes % Correct
RC Narbonne
95%
Stade niçois
90%
US Carcassonne
70%
SC Albi
60%
SO Chambéry
55%
RC Suresnes
55%
Aucun quiz correspondant
Distribution des résultats
% des personnes avec chaque résultat
Percentile par nombre de réponses
Votre historique - résultats
Vous n’avez pas pris ce quiz